| 000 | 00470nam a22001457a 4500 | ||
|---|---|---|---|
| 008 | 230602b |||||||| |||| 00| 0 eng d | ||
| 020 | _a92-3-002062-1 | ||
| 040 |
_aNational Science Library _cNational Science Library |
||
| 080 |
_aR 31(058) _bM2 |
||
| 245 |
_aStatistical yearbook 1982 _c/ UNESCO |
||
| 260 |
_aLondon: _bUnited Nations Educational, Scientific and Cultural organization, _c1982 |
||
| 650 | _aStatistics | ||
| 653 | _aPopulation | ||
| 942 |
_2udc _cYBK |
||
| 999 |
_c38616 _d38616 |
||